000 00452pab a2200169 454500
008 180718b2006 xxu||||| |||| 00| 0 eng d
100 _aQvortrup, Matt
245 _aThe three referendums on the European constitution treaty in 2005
260 _c2006
300 _ap.89-97.
362 _aJan-Mar
650 _aReferendum - Europe
650 _aEurope - Constitution
650 _aConstitutions
773 _aPolitical Quarterly
909 _a70677
999 _c70677
_d70677